| 000 | 00958nam a2200229 4500 | ||
|---|---|---|---|
| 005 | 20250411151228.0 | ||
| 008 | 250411b |||||||| |||| 00| 0 eng d | ||
| 020 | _a9780230222762 | ||
| 037 | _cTextual | ||
| 040 |
_aRTL _cRTL |
||
| 084 |
_aY9(W:5) P9 _qRTL |
||
| 245 | _aSilencing Human Rights: critical engagements with a contested project | ||
| 260 |
_aLondon _bPalgrave Macmillan _c2009 |
||
| 300 |
_aXII, 294 p. _bIncludes bibliographical references and index |
||
| 520 | _aThis volume presents a range of topical investigations into the human rights field as well as providing an original and provocative investigation of some of the topic through the theoretical lens of 'silence'. | ||
| 650 |
_aCivil & political rights _9752199 |
||
| 650 |
_aEthnic conflict _9752200 |
||
| 650 | _aHuman rights | ||
| 700 |
_aBhambra, Gurminder K. _eEditor _9324486 |
||
| 700 |
_aShilliam, Robbie _eEditor _9752201 |
||
| 942 |
_2CC _n0 _cTB _hY9(W:5) P9 |
||
| 999 |
_c1308892 _d1308892 |
||